000 00951cab a22002175a 4500
001 L143379
008 080430e20080426xxk f 000 0 eng d
035 _a(Sirsi) u143379
041 0 _aeng
100 1 _aShepherd, Elizabeth
245 0 0 _aSure-fire answers
260 _c2008
490 _aEstates Gazette
_v(0816) 26 April 2008, 148-149(2)
520 _aAddresses ten common misconceptions about energy performance certificates (EPCs) for commercial property. Covers transitional provisions and specific enforcement dates. Sets out properties which are covered by the legislation and those which are exempt. Advises against failing to obtain an EPC and electing to accept the consequences instead.
590 _aKA
650 2 4 _aCOMMERCIAL ENERGY PERFORMANCE CERTIFICATES
651 4 _aUnited Kingdom
_y
690 _aENVIRONMENTAL AND LAND CONSULTANCY-ENERGY-ENERGY USE-ENERGY EFFICIENCY
700 1 _aWilliams, Peter J. G.
942 _n0
999 _c80160
_d80160